Sports Quiz

Random Sports or Minefield Quiz

NFL Winningest Teams Minefield Quiz Stats

Quiz Updated Jan 18, 2018

Challenge
Share
Tweet
Embed
Score 0/17 Timer 07:00
0 Plays Today
Rank Team % Correct
2???
74.9%
12???
70%
4???
69.9%
13???
65.3%
3???
57.9%
1???
55.7%
10???
55.1%
T14???
39.1%
5???
37.1%
Rank Team % Correct
11???
36.6%
6???
31.5%
T14???
29.2%
7???
23.7%
8???
22.9%
16???
19.2%
9???
18.4%
MINES???
5.7%

You're not logged in!

Compare scores with friends on all Sporcle quizzes.
Sign Up with Email
OR
Log In

You Might Also Like...

Show Comments

Extras

Top Quizzes Today


Score Distribution

Your Account Isn't Verified!

In order to create a playlist on Sporcle, you need to verify the email address you used during registration. Go to your Sporcle Settings to finish the process.

Report this User

Report this user for behavior that violates our Community Guidelines.

Details: